000 004620000a22001930004500
001 000186
003 MACL
005 20150821151320.0
008 150821b xxu||||| |||| 00| 0 eng d
040 _aMACL
_cMACL
041 _aEnglish
082 _a621.381/LEO
100 _aLeon, Alexis
_96525
245 _aE-Mail In A Nutshell
_cAlexis Leon
260 _aChennai
_c1997
_bLeon Tech World,
350 _a65
650 _aTechnology
_96526
942 _k621
_cBK
_2ddc
999 _c188
_d188